000
00303nam a22001337a 4500
008
171107b xxu||||| |||| 00| 0 eng d
020
_a
9780070283008
041
_a
eng
080
_2
2ND
_a
330.722.6
100
_a
62
101
_a
KON
245
_a
MANAGEMENT ACCOUNTING
_c
WATTERS,C.S
942
_2
udc
_c
BK
999
_c
38011
_d
38011